INVESTIGATING THE ROLES OF CLAIMS MANAGER IN CLAIMS HANDLING PROCESS IN THE NIGERIA INSURANCE INDUSTRY (Record no. 313396)
[ view plain ]
| 000 -LEADER | |
|---|---|
| fixed length control field | 00458nam a2200133Ia 4500 |
| 008 - FIXED-LENGTH DATA ELEMENTS--GENERAL INFORMATION | |
| fixed length control field | 170221s9999 xx 000 0 und d |
| 100 ## - MAIN ENTRY--PERSONAL NAME | |
| Personal name | Yusuf O. Tajudeen |
| 245 ## - TITLE STATEMENT | |
| Title | INVESTIGATING THE ROLES OF CLAIMS MANAGER IN CLAIMS HANDLING PROCESS IN THE NIGERIA INSURANCE INDUSTRY |
| 245 ## - TITLE STATEMENT | |
| Statement of responsibility, etc | Yusuf O. Tajudeen, Abass O. Adebowale |
| 260 ## - PUBLICATION, DISTRIBUTION, ETC. (IMPRINT) | |
| Date of publication, distribution, etc | 2012 |
| 300 ## - PHYSICAL DESCRIPTION | |
| Extent | 6 : |
| 650 ## - SUBJECT ADDED ENTRY--TOPICAL TERM | |
| General subdivision | Business |
| 856 ## - ELECTRONIC LOCATION AND ACCESS | |
| Uniform Resource Identifier | <a href="http://escijournals.net/index.php/JBF/article/view/239/225">http://escijournals.net/index.php/JBF/article/view/239/225</a> |
| Withdrawn status | Lost status | Damaged status | Home library | Current library | Date acquired | Total Checkouts | Date last seen | Price effective from | Koha item type |
|---|---|---|---|---|---|---|---|---|---|
| College Library | College Library | 02/21/2017 | 02/21/2017 | 02/21/2017 | Foreign e-journal articles |